A Study on Market Research in All Domain and its Opportunity (Record no. 359257)

MARC details
000 -LEADER
fixed length control field 00418nam a22001457a 4500
005 - DATE AND TIME OF LATEST TRANSACTION
control field 20240813111906.0
008 - FIXED-LENGTH DATA ELEMENTS--GENERAL INFORMATION
fixed length control field 240806b |||||||| |||| 00| 0 eng d
041 ## - LANGUAGE CODE
Language code of text/sound track or separate title eng
082 ## - DEWEY DECIMAL CLASSIFICATION NUMBER
Item number VAI
100 ## - MAIN ENTRY--PERSONAL NAME
Author Riya Vaidya-2K201147& Dr. Kamlakar Munde- Guide
245 ## - TITLE STATEMENT
Title A Study on Market Research in All Domain and its Opportunity
260 ## - PUBLICATION, DISTRIBUTION, ETC.
Place of publication, distribution, etc. Pune
Name of publisher, distributor, etc. SPPU
Date of publication, distribution, etc. March 2022
300 ## - PHYSICAL DESCRIPTION
Extent 30p
Other physical details Hard Bound
942 ## - ADDED ENTRY ELEMENTS (KOHA)
Koha item type Project Reports
Holdings
Withdrawn status Lost status Source of classification or shelving scheme Damaged status Not for loan Home library Current library Date acquired Vendor Barcode Date last seen Koha item type Original Barcode
    Dewey Decimal Classification     Smt. Hiraben Nanavati Institute of Management & Research for Women Smt. Hiraben Nanavati Institute of Management & Research for Women 30/03/2022 HNIMR HIMR-PR-726 06/08/2024 Project Reports PR0726